[Event "?"]
[Site "ICS rated blitz match, 192.23"]
[Date "1997.??.??"]
[Round "?"]
[White "Brause"]
[Black "Dorobanov"]
[Result "1/2-1/2"]
[WhiteElo "2515"]
[BlackElo "2450"]
[PlyCount "89"]

1. e4 e5 2. Nf3 Nc6 3. Nc3 Nf6 4. Nxe5 Nxe5 5. d4 Ng6 6. e5 Ng8 7. Bc4 Bb4 8.
Qf3 Qe7 9. O-O Bxc3 10. bxc3 d5 11. Bxd5 Nh4 12. Qf4 c6 13. Bxf7+ Qxf7 14. Qxh4
Ne7 15. Re1 Be6 16. Ba3 b5 17. Bc5 a6 18. a3 Kd7 19. Re4 Nf5 20. Qf4 Rhg8 21.
Rae1 g5 22. Qd2 Rae8 23. Rd1 Bd5 24. Ree1 Rg6 25. Qd3 Ng7 26. Qh3+ Ne6 27. f3
Rh8 28. a4 h5 29. axb5 axb5 30. Ra1 g4 31. fxg4 Rxg4 32. Ra7+ Nc7 33. Bb6 Rc8
34. Rf1 Qe6 35. g3 Qg6 36. c4 bxc4 37. Rf6 Qe4 38. Kf1 c3 39. Kg1 Qe1+ 40. Rf1
Qe3+ 41. Rf2 Qe4 42. Rf6 Qe1+ 43. Rf1 Qe3+ 44. Rf2 Qe4 45. Rf6 1/2-1/2

[Event "?"]
[Site "ICS rated blitz match, 192.23"]
[Date "1997.??.??"]
[Round "?"]
[White "Brause"]
[Black "Dorobanov"]
[Result "1-0"]
[WhiteElo "2510"]
[BlackElo "2450"]
[PlyCount "99"]

1. e4 e5 2. Nf3 Nc6 3. Nc3 Nf6 4. Nxe5 Nxe5 5. d4 Ng6 6. e5 Ng8 7. Bc4 Bb4 8.
Qf3 Qe7 9. O-O Bxc3 10. bxc3 d5 11. Bxd5 Nh4 12. Qf4 c6 13. Bxf7+ Qxf7 14. Qxh4
Ne7 15. Re1 O-O 16. Ba3 Ng6 17. Qg3 Re8 18. Bc5 b6 19. Bd6 Be6 20. a3 Ne7 21.
Bxe7 Rxe7 22. Rad1 Bd5 23. Rd3 Rf8 24. f3 Qf4 25. Qxf4 Rxf4 26. Kf2 Ref7 27. a4
Kf8 28. Ke3 Ke7 29. Rd2 Ke6 30. Rb1 g5 31. Rf2 h5 32. Rbf1 Bc4 33. Rd1 Bd5 34.
h3 g4 35. hxg4 hxg4 36. Rh1 gxf3 37. c4 Bxc4 38. Rh6+ Ke7 39. Rxf3 Rg4 40. Rxc6
Rxf3+ 41. gxf3 Bd5 42. Rd6 Rg2 43. Rxd5 Rxc2 44. Rb5 Ra2 45. Rb4 Ke6 46. Ke4
Re2+ 47. Kd3 Re1 48. Rc4 Ra1 49. Rc6+ Kf5 50. Rf6+ 1-0

[Event "?"]
[Site "ICS rated blitz match, 192.23"]
[Date "1997.??.??"]
[Round "?"]
[White "Brause"]
[Black "Dorobanov"]
[Result "1-0"]
[WhiteElo "2525"]
[BlackElo "2440"]
[PlyCount "41"]

1. e4 e5 2. Nf3 Nc6 3. Nc3 Nf6 4. Nxe5 Nxe5 5. d4 Ng6 6. e5 Ng8 7. Bc4 Bb4 8.
Qf3 Qe7 9. O-O Bxc3 10. bxc3 d5 11. Bxd5 Nh4 12. Qf4 Ng6 13. Qe4 f5 14. Qf3 Nh4
15. Qh5+ g6 16. Qd1 c6 17. Bb3 g5 18. Qh5+ Ng6 19. Bxg5 Qg7 20. Rfe1 h6 21. Bf6
1-0

[Event "?"]
[Site "ICS rated blitz match, 192.23"]
[Date "1997.??.??"]
[Round "?"]
[White "Brause"]
[Black "Dorobanov"]
[Result "1/2-1/2"]
[WhiteElo "2535"]
[BlackElo "2425"]
[PlyCount "111"]

1. e4 e5 2. Nf3 Nc6 3. Nc3 Nf6 4. Nxe5 Nxe5 5. d4 Ng6 6. e5 Ng8 7. Bc4 Bb4 8.
Qf3 Qe7 9. O-O Bxc3 10. bxc3 d5 11. Bxd5 Nh4 12. Qf4 c6 13. Bxf7+ Qxf7 14. Qxh4
Ne7 15. Bb2 O-O 16. Ba3 Re8 17. Bc5 Be6 18. a4 b6 19. Bxe7 Qxe7 20. Qf4 Qf7 21.
Qg5 Rf8 22. f3 Qf4 23. Qxf4 Rxf4 24. Kf2 Raf8 25. Ke3 Bd5 26. Rf2 g5 27. a5 b5
28. Raf1 Bc4 29. Re1 Bd5 30. Ree2 h5 31. Re1 g4 32. Ref1 Kg7 33. fxg4 Rxf2 34.
Rxf2 Rxf2 35. Kxf2 hxg4 36. Kg3 Kg6 37. Kxg4 Bxg2 38. c4 bxc4 39. c3 Bd5 40.
Kf4 a6 41. Kg4 Be6+ 42. Kg3 Kg5 43. Kf3 Kh4 44. Kf4 Bd7 45. Ke4 Kh3 46. d5 Kxh2
47. e6 cxd5+ 48. Kxd5 Bb5 49. e7 Kg3 50. e8=R Bxe8 51. Kxc4 Kf4 52. Kb4 Ke5 53.
c4 Kd6 54. Kb3 Kc5 55. Ka3 Kxc4 56. Kb2 1/2-1/2

[Event "?"]
[Site "ICS rated blitz match, 192.23"]
[Date "1997.??.??"]
[Round "?"]
[White "Brause"]
[Black "Dorobanov"]
[Result "1/2-1/2"]
[WhiteElo "2530"]
[BlackElo "2430"]
[PlyCount "166"]

1. e4 e5 2. Nf3 Nc6 3. Nc3 Nf6 4. Nxe5 Nxe5 5. d4 Ng6 6. e5 Ng8 7. Bc4 Bb4 8.
Qf3 Qe7 9. O-O Bxc3 10. bxc3 d5 11. Bxd5 Nh4 12. Qf4 c6 13. Bxf7+ Qxf7 14. Qxh4
Ne7 15. Re1 O-O 16. Ba3 Be6 17. Bxe7 Rfe8 18. Bc5 b6 19. Bd6 Bxa2 20. Qe4 Bd5
21. Qd3 a5 22. Rad1 b5 23. Re3 a4 24. Rh3 g6 25. Rh6 a3 26. Ra1 a2 27. Rh4 Ra7
28. Qd2 Qg7 29. Qg5 Rf7 30. Rf4 Rxf4 31. Qxf4 Qf7 32. Qg5 Qf5 33. Qxf5 gxf5 34.
f3 Kf7 35. Kf2 Ke6 36. Ke3 Rg8 37. g3 h5 38. Kf4 h4 39. g4 fxg4 40. fxg4 Rg7
41. g5 Rf7+ 42. Kg4 Rf2 43. h3 Rxc2 44. Kxh4 Rb2 45. Kg4 Rb1 46. Rxa2 Bxa2 47.
Kf4 Rh1 48. Kg4 Kf7 49. h4 Kg6 50. Kg3 Be6 51. Bb4 Kh5 52. Kf2 Rxh4 53. Ke3
Rh3+ 54. Kd2 Kxg5 55. Ba3 Kf4 56. Be7 Rh2+ 57. Kc1 Ke3 58. Bd6 Kd3 59. Bb4 Bb3
60. Kb1 Rc2 61. Ka1 Kc4 62. Kb1 Ba4 63. e6 Re2 64. e7 Kb3 65. Kc1 Kc4 66. Kb1
Kd5 67. Bc5 Re6 68. Kb2 Ke4 69. Ka3 Bc2 70. Bd6 Bd3 71. Kb3 Bc4+ 72. Kb4 Kf5
73. Kc5 Bd5 74. Kb4 Kf6 75. Ka3 Rxe7 76. Bxe7+ Kxe7 77. Kb2 Ke6 78. Kc2 Kf5 79.
Kd3 Kf4 80. Kd2 Ke4 81. Kc2 Ke3 82. Kb2 Kd3 83. Ka3 Kxc3 1/2-1/2

[Event "?"]
[Site "ICS rated blitz match, 192.23"]
[Date "1997.??.??"]
[Round "?"]
[White "Brause"]
[Black "imbecile"]
[Result "1-0"]
[WhiteElo "2530"]
[BlackElo "1965"]
[PlyCount "29"]

1. e4 e5 2. Nf3 Nc6 3. Nc3 Nf6 4. Nxe5 Nxe5 5. d4 Nc6 6. d5 Ne5 7. f4 Ng6 8. e5
Ng8 9. d6 cxd6 10. exd6 Qf6 11. Nb5 Rb8 12. Be3 a6 13. Nc7+ Kd8 14. Bb6 Bxd6
15. Nd5+ 1-0

[Event "?"]
[Site "ICS rated blitz match, 192.23"]
[Date "1997.??.??"]
[Round "?"]
[White "Brause"]
[Black "Dorobanov"]
[Result "0-1"]
[WhiteElo "2530"]
[BlackElo "2435"]
[PlyCount "150"]

1. e4 e5 2. Nf3 Nc6 3. Nc3 Nf6 4. Nxe5 Nxe5 5. d4 Ng6 6. e5 Ng8 7. Bc4 Bb4 8.
Qf3 Qe7 9. O-O Bxc3 10. bxc3 d5 11. Bxd5 Nh4 12. Qf4 c6 13. Bxf7+ Qxf7 14. Qxh4
Ne7 15. Qe4 Qf5 16. f3 O-O 17. Ba3 Rf7 18. c4 Be6 19. Rfb1 b6 20. c5 b5 21. Rd1
Bd5 22. Qxf5 Nxf5 23. Bb4 a5 24. Be1 a4 25. Bc3 g6 26. Rd3 Ng7 27. a3 Raf8 28.
Re1 Ne6 29. Ree3 Kg7 30. Kf2 g5 31. Kg3 Kg6 32. Kf2 h5 33. Kg3 Rd8 34. Rd2 Bc4
35. Re1 Rfd7 36. Red1 Kf5 37. h4 gxh4+ 38. Kxh4 Rg7 39. g3 Rdg8 40. Rg2 Bd5 41.
Rdg1 Ng5 42. Rf1 Nxf3+ 43. Kh3 Ke6 44. Rff2 Ng5+ 45. Kh2 Bxg2 46. Rxg2 Nf3+ 47.
Kh3 Rg4 48. Bd2 Nxd2 49. Rxd2 Rxg3+ 50. Kh2 Kd5 51. e6 Kxe6 52. d5+ cxd5 53.
Re2+ Kd7 54. Re5 h4 55. Rxd5+ Kc6 56. Rh5 Rg2+ 57. Kh1 Rg1+ 58. Kh2 R8g2+ 59.
Kh3 Rg3+ 60. Kh2 R3g2+ 61. Kh3 Rxc2 62. Rh6+ Kxc5 63. Rh5+ Kc4 64. Rxh4+ Kb3
65. Rb4+ Kxa3 66. Rxb5 Rg7 67. Rd5 Rc8 68. Rh5 Kb3 69. Kh2 a3 70. Rh3+ Kb2 71.
Rh4 a2 72. Rb4+ Ka3 73. Rg4 Rxg4 74. Kh3 Rg7 75. Kh4 Rh8# 0-1

[Event "?"]
[Site "ICS rated blitz match, 192.23"]
[Date "1997.??.??"]
[Round "?"]
[White "Brause"]
[Black "Dorobanov"]
[Result "0-1"]
[WhiteElo "2510"]
[BlackElo "2455"]
[PlyCount "152"]

1. e4 e5 2. Nf3 Nc6 3. Nc3 Nf6 4. Nxe5 Nxe5 5. d4 Ng6 6. e5 Ng8 7. Bc4 Bb4 8.
Qf3 Qe7 9. O-O Bxc3 10. bxc3 d5 11. Bxd5 Nh4 12. Qf4 c6 13. Bxf7+ Qxf7 14. Qxh4
Ne7 15. Re1 O-O 16. Ba3 Re8 17. Bc5 Ng6 18. Qg3 Be6 19. a3 b6 20. Bd6 Ne7 21.
Bxe7 Rxe7 22. Rad1 Rf8 23. Rd2 Qf4 24. Qxf4 Rxf4 25. f3 Ref7 26. Kf2 g5 27. Ke3
Kg7 28. Rf2 Bd5 29. Ref1 Bc4 30. Rd1 Bd5 31. Rdd2 Kg6 32. h3 h5 33. Rde2 g4 34.
fxg4 Rxf2 35. Rxf2 hxg4 36. Rxf7 Kxf7 37. hxg4 b5 38. g3 Kg6 39. Kf4 a6 40. g5
a5 41. Kg4 a4 42. Kf4 Be6 43. Ke3 Kxg5 44. Ke2 Kg4 45. Kf2 Bd5 46. Ke3 Kxg3 47.
Kd2 Kf4 48. Ke2 Ke4 49. Kd1 Be6 50. Kd2 Kd5 51. Kd3 Bf5+ 52. Ke3 Bxc2 53. Kf4
Ke6 54. Kf3 Bg6 55. Kf4 Bf7 56. Ke4 Bg8 57. Kf4 Kd5 58. Kf5 Be6+ 59. Kf6 Bh3
60. Kf7 Kc4 61. Kf6 Kxc3 62. d5 cxd5 63. e6 Bxe6 64. Ke5 d4 65. Kf4 d3 66. Ke4
d2 67. Kf4 d1=Q 68. Ke4 b4 69. axb4 a3 70. b5 a2 71. Ke5 a1=Q 72. Kxe6 Qa2+ 73.
Ke7 Qae2+ 74. Kf6 Qdf1+ 75. Kg7 Qeg2+ 76. Kh6 Qfh1# 0-1

[Event "?"]
[Site "ICS rated blitz match, 192.23"]
[Date "1997.??.??"]
[Round "?"]
[White "Brause"]
[Black "Dorobanov"]
[Result "1-0"]
[WhiteElo "2490"]
[BlackElo "2475"]
[PlyCount "129"]

1. e4 e5 2. Nf3 Nc6 3. Nc3 Nf6 4. Nxe5 Nxe5 5. d4 Ng6 6. e5 Ng8 7. Bc4 Bb4 8.
Qf3 Qe7 9. O-O Bxc3 10. bxc3 d5 11. Bxd5 Nh4 12. Qf4 c6 13. Bxf7+ Qxf7 14. Qxh4
Ne7 15. Re1 O-O 16. Ba3 Ng6 17. Qg3 Re8 18. Bd6 Be6 19. a3 Qf4 20. Qxf4 Nxf4
21. g3 Ng6 22. Rab1 b5 23. Re3 Ne7 24. Rf3 Bd5 25. Rf4 Ng6 26. Rg4 Be6 27. Re4
Bd5 28. Re3 h5 29. f4 Be6 30. Rf1 Bf5 31. c4 bxc4 32. Rc3 Ne7 33. Rxc4 Be4 34.
Re1 Bd5 35. Rb4 g6 36. Rb7 Nf5 37. Bc5 a6 38. c3 Rab8 39. Reb1 Rxb7 40. Rxb7
Ra8 41. Kf2 Ng7 42. Ke3 Ne6 43. Rd7 Nxc5 44. dxc5 Rf8 45. Ra7 Bc4 46. Kd4 Bd5
47. Rxa6 Kg7 48. c4 Bf3 49. Rb6 Ra8 50. Rb3 Bg2 51. Rb2 Bf3 52. Ra2 Ra4 53. Ra1
Kf7 54. h3 Ke6 55. Ra2 Kf5 56. Kc3 Rxc4+ 57. Kxc4 Bd5+ 58. Kd4 Bxa2 59. a4 Be6
60. a5 Bc8 61. Ke3 Ba6 62. g4+ hxg4 63. hxg4+ Kxg4 64. e6 Bc8 65. e7 1-0

[Event "?"]
[Site "ICS rated blitz match, 192.23"]
[Date "1997.??.??"]
[Round "?"]
[White "Brause"]
[Black "Dorobanov"]
[Result "1-0"]
[WhiteElo "2505"]
[BlackElo "2460"]
[PlyCount "67"]

1. e4 e5 2. Nf3 Nc6 3. Nc3 Nf6 4. Nxe5 Nxe5 5. d4 Ng6 6. e5 Ng8 7. Bc4 Bb4 8.
Qf3 Qe7 9. O-O Bxc3 10. bxc3 d5 11. Bxd5 Nh4 12. Qf4 c6 13. Bxf7+ Qxf7 14. Qxh4
Ne7 15. Qe4 Bf5 16. Qe2 O-O 17. Ba3 Be6 18. Rfb1 b5 19. Re1 a6 20. Bd6 Rfe8 21.
a4 Nf5 22. Bc5 g6 23. Ra3 Ng7 24. Rea1 Rad8 25. axb5 axb5 26. Qe3 Bd5 27. Ra7
Rd7 28. Qh6 Ne6 29. Rxd7 Qxd7 30. Ra7 Nc7 31. f3 Rc8 32. Bd6 Bf7 33. Rxc7 Rxc7
34. Qf8# 1-0

[Event "?"]
[Site "ICS rated blitz match, 192.23"]
[Date "1997.??.??"]
[Round "?"]
[White "Brause"]
[Black "Dorobanov"]
[Result "0-1"]
[WhiteElo "2520"]
[BlackElo "2445"]
[PlyCount "160"]

1. e4 e5 2. Nf3 Nc6 3. Nc3 Nf6 4. Nxe5 Nxe5 5. d4 Ng6 6. e5 Ng8 7. Bc4 Bb4 8.
Qf3 Qe7 9. O-O Bxc3 10. bxc3 d5 11. Bxd5 Nh4 12. Qf4 c6 13. Bxf7+ Qxf7 14. Qxh4
Ne7 15. Re1 Ng6 16. Qg5 Qe7 17. Qxe7+ Kxe7 18. c4 Be6 19. Rb1 b6 20. Rb4 h6 21.
Ba3 Kf7 22. c5 b5 23. Rb2 a5 24. c3 a4 25. Re3 Rhf8 26. Rd2 Ne7 27. Rf3+ Kg8
28. Rfd3 g5 29. h3 Kg7 30. Rg3 Kg6 31. Re2 Rf7 32. Rc2 Raf8 33. Bc1 Nf5 34. Rd3
Bc4 35. Rd1 Bd5 36. Re2 Ng7 37. f3 Ne6 38. Rf2 h5 39. Be3 Nf4 40. Kh2 Ne6 41.
Rc2 Ng7 42. Kg1 Ne6 43. Re2 Nf4 44. Rf2 Bc4 45. Rc2 Nd5 46. Bd2 Nf4 47. Re1 Re8
48. Bc1 Bd5 49. Be3 Ref8 50. Rd2 Ne6 51. Rb2 Ng7 52. Ree2 Nf5 53. Rbc2 Nh6 54.
Re1 Nf5 55. Bd2 Nh6 56. Re2 g4 57. hxg4 hxg4 58. f4 Nf5 59. Re1 Rh8 60. Bc1
Rfh7 61. Kf1 Rh1+ 62. Ke2 Bxg2 63. Rxh1 Bxh1 64. Rd2 Bf3+ 65. Kd3 Bd5 66. a3
Kf7 67. Rf2 Ke6 68. Rb2 Rh3+ 69. Kd2 g3 70. Rb1 g2 71. Bb2 Rh1 72. Rxh1 gxh1=Q
73. c4 Bxc4 74. d5+ Kxd5 75. Bc3 Qe4 76. Kc1 Qd3 77. Kb2 Bb3 78. Ka1 Qc2 79.
Bb2 Qd1+ 80. Bc1 Qxc1# 0-1

[Event "?"]
[Site "ICS rated blitz match, 192.23"]
[Date "1997.??.??"]
[Round "?"]
[White "Brause"]
[Black "Dorobanov"]
[Result "1-0"]
[WhiteElo "2500"]
[BlackElo "2465"]
[PlyCount "83"]

1. e4 e5 2. Nf3 Nc6 3. Nc3 Nf6 4. Nxe5 Nxe5 5. d4 Ng6 6. e5 Ng8 7. Bc4 Bb4 8.
Qf3 Qe7 9. O-O Bxc3 10. bxc3 d5 11. Bxd5 Nh4 12. Qf4 c6 13. Bxf7+ Qxf7 14. Qxh4
Ne7 15. Re1 Ng6 16. Qg5 Be6 17. a3 Qe7 18. Qxe7+ Nxe7 19. Bg5 h6 20. Bd2 O-O
21. Re4 Bd5 22. Re3 b5 23. g4 Kh7 24. Ree1 g5 25. Rab1 Kg6 26. Rbc1 a6 27. Ra1
Rf7 28. a4 Raf8 29. Be3 Be6 30. axb5 axb5 31. h3 Nd5 32. Ra6 Ne7 33. Ra7 Bd5
34. Rd7 Kg7 35. h4 gxh4 36. e6 Bxe6 37. Bxh6+ Kxh6 38. Rxe6+ Ng6 39. Rxf7 Rxf7
40. Rxc6 Re7 41. f4 Kg7 42. f5 1-0

[Event "?"]
[Site "ICS rated blitz match, 192.23"]
[Date "1997.??.??"]
[Round "?"]
[White "Brause"]
[Black "Dorobanov"]
[Result "1-0"]
[WhiteElo "2515"]
[BlackElo "2450"]
[PlyCount "161"]

1. e4 e5 2. Nf3 Nc6 3. Nc3 Nf6 4. Nxe5 Nxe5 5. d4 Ng6 6. e5 Ng8 7. Bc4 Bb4 8.
Qf3 Qe7 9. O-O Bxc3 10. bxc3 d5 11. Bxd5 Nh4 12. Qf4 c6 13. Bxf7+ Qxf7 14. Qxh4
Ne7 15. Qe4 Bf5 16. Qe2 Be6 17. Re1 O-O 18. Bg5 h6 19. Bd2 b5 20. a4 a6 21. f3
Rfe8 22. Red1 Ng6 23. Be3 Nf8 24. Qd3 Bc4 25. Qe4 Bd5 26. Qg4 Qe6 27. h3 Qxg4
28. hxg4 g5 29. Ra3 Ne6 30. Rb1 Rad8 31. axb5 axb5 32. Ra7 Rf8 33. Rba1 Rf7 34.
Kf2 Rdf8 35. Ke2 Rxa7 36. Rxa7 Rf7 37. Rxf7 Kxf7 38. g3 Bc4+ 39. Kf2 Nc7 40. f4
Nd5 41. Bd2 Kg6 42. f5+ Kf7 43. Kf3 Nb6 44. Ke3 Bd5 45. Be1 Nc4+ 46. Ke2 Be4
47. Bd2 Bxc2 48. Be1 Be4 49. Bf2 Bd5 50. Be3 Nb6 51. Bd2 Na4 52. Ke3 Nb2 53.
e6+ Ke7 54. Ke2 Nc4 55. Bc1 Kf6 56. Be3 Nd6 57. Bd2 Ne4 58. Be1 Bxe6 59. fxe6
Kxe6 60. Ke3 Kd5 61. Kf3 Nd6 62. Ke2 Kc4 63. Ke3 Kd5 64. Bd2 Ne4 65. Kd3 Nxg3
66. Be3 Ne4 67. Ke2 Nf6 68. Kf3 Kc4 69. Bd2 Nd5 70. Ke4 Nxc3+ 71. Ke5 Nd5 72.
Kd6 b4 73. Bc1 b3 74. Bb2 Ne3 75. Kxc6 Nd5 76. Kd6 Nf6 77. Kc6 Nxg4 78. d5 Ne3
79. d6 Nd5 80. d7 Ne7+ 81. Kb7 1-0

[Event "?"]
[Site "ICS rated blitz match, 192.23"]
[Date "1997.??.??"]
[Round "?"]
[White "Brause"]
[Black "Dorobanov"]
[Result "1-0"]
[WhiteElo "2530"]
[BlackElo "2435"]
[PlyCount "37"]

1. e4 e5 2. Nf3 Nc6 3. Nc3 Nf6 4. Nxe5 Nxe5 5. d4 Ng6 6. e5 Ng8 7. Bc4 Bb4 8.
Qf3 Qe7 9. O-O Bxc3 10. bxc3 d5 11. Bxd5 Nh4 12. Qf4 c6 13. Bxf7+ Qxf7 14. Qxh4
Ne7 15. Qe4 Bf5 16. Qe2 O-O 17. Ba3 Be6 18. Rfb1 Rfe8 19. Rxb7 1-0

[Event "?"]
[Site "ICS rated blitz match, 192.23"]
[Date "1997.??.??"]
[Round "?"]
[White "Brause"]
[Black "Dorobanov"]
[Result "0-1"]
[WhiteElo "2540"]
[BlackElo "2425"]
[PlyCount "148"]

1. e4 e5 2. Nf3 Nc6 3. Nc3 Nf6 4. Nxe5 Nxe5 5. d4 Ng6 6. e5 Ng8 7. Bc4 Bb4 8.
Qf3 Qe7 9. O-O Bxc3 10. bxc3 d5 11. Bxd5 Nh4 12. Qf4 c6 13. Bxf7+ Qxf7 14. Qxh4
Ne7 15. Re1 Ng6 16. Qg5 Qe7 17. Qxe7+ Nxe7 18. Bg5 Be6 19. f3 h6 20. Bxe7 Kxe7
21. Kf2 Rhf8 22. Ke3 Rf7 23. a4 b6 24. a5 b5 25. f4 Raf8 26. g3 g5 27. Rf1 Bd5
28. h4 gxf4+ 29. Rxf4 Rxf4 30. gxf4 Rg8 31. f5 Rg4 32. h5 Kf7 33. Rf1 a6 34.
Rf2 Rg5 35. Kd2 Be4 36. f6 Bd5 37. Rh2 Bf3 38. c4 bxc4 39. Kc3 Bd5 40. Kb4 Rg2
41. Rxg2 Bxg2 42. Kxc4 Bf3 43. Kd3 Bxh5 44. c3 Bg4 45. Ke4 Be6 46. Kf4 Kg6 47.
Kg3 h5 48. Kg2 Kg5 49. Kg3 h4+ 50. Kf3 Bf7 51. Kg2 Kg4 52. Kf2 h3 53. c4 Bxc4
54. f7 Bxf7 55. e6 Bxe6 56. Kf1 Kg3 57. Ke2 h2 58. Ke3 h1=Q 59. Kd2 Qe4 60. d5
Qxd5+ 61. Kc2 Bc8 62. Kc3 Bb7 63. Kc2 Qd4 64. Kb3 Ba8 65. Kc2 c5 66. Kc1 Qd3
67. Kb2 c4 68. Kc1 Qe2 69. Kb1 Qd2 70. Ka1 c3 71. Kb1 c2+ 72. Ka2 c1=Q+ 73. Kb3
Qcc3+ 74. Ka4 Bc6# 0-1

[Event "?"]
[Site "ICS rated blitz match, 192.23"]
[Date "1997.??.??"]
[Round "?"]
[White "Brause"]
[Black "Dorobanov"]
[Result "1-0"]
[WhiteElo "2520"]
[BlackElo "2445"]
[PlyCount "111"]

1. e4 e5 2. Nf3 Nc6 3. Nc3 Nf6 4. Nxe5 Nxe5 5. d4 Ng6 6. e5 Ng8 7. Bc4 Bb4 8.
Qf3 Qe7 9. O-O Bxc3 10. bxc3 d5 11. Bxd5 Nh4 12. Qf4 c6 13. Bxf7+ Qxf7 14. Qxh4
Ne7 15. Re1 Ng6 16. Qg5 Qe7 17. Qxe7+ Nxe7 18. Ba3 Be6 19. Rab1 b5 20. Rb2 a6
21. Bd6 Kf7 22. Re3 Rhe8 23. Rf3+ Kg8 24. Bc5 Bd5 25. Rg3 g6 26. Rd3 Nf5 27.
Rh3 Ng7 28. Kf1 Ne6 29. Bd6 Rad8 30. Re3 Rd7 31. Kg1 Rf7 32. f3 Kg7 33. a3 g5
34. Rb1 Kg6 35. Rd1 h5 36. h3 Rh8 37. Rdd3 Rhh7 38. Rd2 Rf5 39. Rd1 Rhf7 40.
Rdd3 Nf4 41. Rd2 Ne6 42. Rd1 Rh7 43. Red3 Rhf7 44. Re1 Kh6 45. Ra1 Kg6 46. a4
Nf4 47. Re3 Ne6 48. axb5 axb5 49. Ra6 Rf4 50. Ra5 g4 51. fxg4 hxg4 52. Rg3 Kh5
53. Ra8 Rh7 54. Rg8 gxh3 55. Rxh3+ Rh4 56. g4+ 1-0

[Event "?"]
[Site "ICS rated blitz match, 192.23"]
[Date "1997.??.??"]
[Round "?"]
[White "Brause"]
[Black "Dorobanov"]
[Result "0-1"]
[WhiteElo "2535"]
[BlackElo "2435"]
[PlyCount "164"]

1. e4 e5 2. Nf3 Nc6 3. Nc3 Nf6 4. Nxe5 Nxe5 5. d4 Ng6 6. e5 Ng8 7. Bc4 Bb4 8.
Qf3 Qe7 9. O-O Bxc3 10. bxc3 d5 11. Bxd5 Nh4 12. Qf4 c6 13. Bxf7+ Qxf7 14. Qxh4
Ne7 15. Re1 Ng6 16. Qg5 Qe7 17. Qxe7+ Nxe7 18. Rb1 b6 19. Bg5 Be6 20. Rb2 h6
21. Bd2 Kf7 22. g3 b5 23. Re4 Bd5 24. Re2 g5 25. f4 Kg6 26. fxg5 hxg5 27. Rf2
Raf8 28. Rxf8 Rxf8 29. Rb1 Be4 30. Rc1 a5 31. c4 bxc4 32. a3 a4 33. Bb4 Re8 34.
Bxe7 Rxe7 35. c3 Rb7 36. g4 Rb3 37. Re1 Rb1 38. Rxb1 Bxb1 39. Kf2 Be4 40. Kg3
Bd5 41. h3 Be6 42. Kf2 Kf7 43. Kf3 Bd5+ 44. Kg3 Ke6 45. h4 gxh4+ 46. Kxh4 Kf7
47. Kg5 Be6 48. Kh5 Kg7 49. Kg5 Bd7 50. Kh5 Be6 51. Kg5 Kf7 52. Kh5 Bd5 53. g5
Kg7 54. Kh4 Kg6 55. Kg4 Be6+ 56. Kf4 Kh5 57. Ke4 Kxg5 58. Ke3 Kf5 59. Kf3 Bd5+
60. Kf2 Kf4 61. Ke2 Ke4 62. Kd2 Kf3 63. Kc1 Ke3 64. Kc2 Ke2 65. Kc1 Kd3 66. Kb2
Kd2 67. Kb1 Kxc3 68. Kc1 Kb3 69. Kb1 Kxa3 70. Kc2 Kb4 71. e6 Bxe6 72. Kc1 c3
73. Kc2 Kc4 74. Kc1 Kxd4 75. Kb1 a3 76. Kc1 a2 77. Kd1 a1=Q+ 78. Ke2 c2 79. Kf2
Qc3 80. Kg2 c1=Q 81. Kf2 Q1d2+ 82. Kg1 Qcc1# 0-1

[Event "?"]
[Site "ICS rated blitz match, 192.23"]
[Date "1997.??.??"]
[Round "?"]
[White "Brause"]
[Black "Dorobanov"]
[Result "1-0"]
[WhiteElo "2515"]
[BlackElo "2455"]
[PlyCount "55"]

1. e4 e5 2. Nf3 Nc6 3. Nc3 Nf6 4. Nxe5 Nxe5 5. d4 Ng6 6. e5 Ng8 7. Bc4 Bb4 8.
Qf3 Qe7 9. O-O Bxc3 10. bxc3 d5 11. Bxd5 Nh4 12. Qf4 c6 13. Bxf7+ Qxf7 14. Qxh4
Ne7 15. Qe4 Bf5 16. Qe2 Be6 17. Re1 Bxa2 18. e6 Bxe6 19. Qxe6 Qxe6 20. Rxe6 Kd7
21. Re5 b5 22. c4 bxc4 23. Rc5 Nd5 24. Rca5 Rhe8 25. Rxa7+ Rxa7 26. Rxa7+ Kd8
27. Kf1 h6 28. Rxg7 1-0

[Event "?"]
[Site "ICS rated blitz match, 192.23"]
[Date "1997.??.??"]
[Round "?"]
[White "Brause"]
[Black "Dorobanov"]
[Result "1/2-1/2"]
[WhiteElo "2525"]
[BlackElo "2440"]
[PlyCount "131"]

1. e4 e5 2. Nf3 Nc6 3. Nc3 Nf6 4. Nxe5 Nxe5 5. d4 Ng6 6. e5 Ng8 7. Bc4 Bb4 8.
Qf3 Qe7 9. O-O Bxc3 10. bxc3 d5 11. Bxd5 Nh4 12. Qf4 c6 13. Bxf7+ Qxf7 14. Qxh4
Ne7 15. Qe4 Be6 16. a4 b6 17. Bg5 Bd5 18. Qg4 O-O 19. f3 Kh8 20. Qd7 Rfe8 21.
Rae1 Ng6 22. Qxf7 Bxf7 23. Ra1 Bd5 24. a5 b5 25. Rad1 Kg8 26. Be3 Ne7 27. Rfe1
g6 28. Bg5 Nf5 29. Rd3 h6 30. Bc1 Kh7 31. g4 Ng7 32. Ba3 Ne6 33. Bd6 a6 34. Rb1
Ra7 35. Re1 Rf7 36. Ree3 g5 37. Kf2 Kg6 38. Rd2 Rh8 39. Kg3 h5 40. gxh5+ Rxh5
41. h3 Rfh7 42. Rh2 Nf4 43. Kf2 Kf5 44. Ke1 Rxh3 45. Rf2 Rh2 46. Rxh2 Rxh2 47.
e6 Ng2+ 48. Kf2 Nxe3+ 49. Bxh2 Nxc2 50. e7 Bf7 51. Bd6 Ke6 52. Bc5 Kd7 53. Ke2
Bg6 54. f4 gxf4 55. Kf3 Ne3 56. Kxf4 Nd5+ 57. Ke5 Nxe7 58. Kf6 Nd5+ 59. Kxg6
Nxc3 60. Kf5 Nd5 61. Ke4 Ke6 62. Kd3 Kf5 63. Bd6 Ke6 64. Bc5 Nc7 65. Ke4 Nd5
66. Kd3 1/2-1/2

[Event "?"]
[Site "ICS rated blitz match, 192.23"]
[Date "1997.??.??"]
[Round "?"]
[White "Brause"]
[Black "Dorobanov"]
[Result "1-0"]
[WhiteElo "2560"]
[BlackElo "2405"]
[PlyCount "39"]

1. e4 e5 2. Nf3 Nc6 3. Nc3 Nf6 4. Nxe5 Nxe5 5. d4 Nc6 6. d5 Nb8 7. e5 Ng8 8. d6
cxd6 9. exd6 Bxd6 10. Qxd6 Qe7+ 11. Qxe7+ Nxe7 12. Nb5 Na6 13. Nd6+ Kf8 14. Bd2
Nc7 15. Bc4 Ne6 16. O-O h5 17. Rad1 h4 18. Bb4 Rh5 19. Bxe6 dxe6 20. Nf5 1-0

[Event "?"]
[Site "ICS rated blitz match, 192.23"]
[Date "1997.??.??"]
[Round "?"]
[White "Brause"]
[Black "Dorobanov"]
[Result "1-0"]
[WhiteElo "2565"]
[BlackElo "2390"]
[PlyCount "103"]

1. e4 e5 2. Nf3 Nc6 3. Nc3 Nf6 4. Nxe5 Nxe5 5. d4 Ng6 6. e5 Ng8 7. Bc4 d5 8.
Bxd5 c6 9. Bf3 Bb4 10. O-O Bxc3 11. bxc3 Be6 12. g4 Qd7 13. Be2 f5 14. gxf5
Bxf5 15. Re1 N8e7 16. Ba3 O-O 17. Bc4+ Kh8 18. e6 Qc7 19. Bd3 Rf6 20. Bxf5 Rxf5
21. Qg4 h6 22. Bc1 Raf8 23. Re2 Kh7 24. Rb1 b6 25. Rb3 Qd6 26. Qe4 Rh5 27. f3
Rhf5 28. Ba3 Qd5 29. Bxe7 Nxe7 30. Ra3 a5 31. Rb3 b5 32. Qxd5 Nxd5 33. c4 bxc4
34. Ra3 Rxf3 35. Rxf3 Rxf3 36. e7 Nxe7 37. Rxe7 Ra3 38. Kf2 Rxa2 39. Re2 a4 40.
Ke3 a3 41. Kd2 Rb2 42. Re3 a2 43. Ra3 Kg6 44. Kc3 Rb1 45. Rxa2 Rh1 46. Ra6 Rxh2
47. d5 Rh5 48. dxc6 Kf7 49. c7 Rc5 50. Ra7 Ke6 51. Kd4 Rc6 52. Ra6 1-0

[Event "?"]
[Site "ICS rated blitz match, 192.23"]
[Date "1997.??.??"]
[Round "?"]
[White "Brause"]
[Black "Dorobanov"]
[Result "1-0"]
[WhiteElo "2575"]
[BlackElo "2380"]
[PlyCount "107"]

1. e4 e5 2. Nf3 Nc6 3. Nc3 Nf6 4. Nxe5 Nxe5 5. d4 Ng6 6. e5 Ng8 7. Bc4 d5 8.
Bxd5 c6 9. Bf3 Bb4 10. O-O Bxc3 11. bxc3 Be6 12. g4 Qd7 13. Be2 f5 14. gxf5
Bxf5 15. Re1 N8e7 16. Ba3 O-O 17. Bc4+ Be6 18. Qg4 Nf5 19. Bxe6+ Qxe6 20. Bxf8
Rxf8 21. Qe4 Nfh4 22. Re3 Rf4 23. Qh1 Qf5 24. Rc1 Rxf2 25. Qe4 Qxe4 26. Rxe4
Rf8 27. Rf1 Nf3+ 28. Kh1 Nd2 29. Rxf8+ Kxf8 30. Re2 Nc4 31. Rf2+ Ke7 32. Rf3
Ke6 33. Rh3 h5 34. Rxh5 b5 35. Rg5 Kf7 36. Rg3 Nf8 37. Kg2 Ne6 38. Kg1 Nb6 39.
Kf2 g5 40. Ke3 Nd5+ 41. Ke4 Ke7 42. Rh3 Kd7 43. c4 bxc4 44. a3 a6 45. Rf3 Ndf4
46. Rc3 Nd5 47. Rxc4 Ndf4 48. Ra4 Nc7 49. Ra5 Ke6 50. h4 Nh3 51. h5 g4 52. Rc5
Ng5+ 53. Kf4 g3 54. Rxc6+ 1-0

[Event "?"]
[Site "ICS rated blitz match, 192.23"]
[Date "1997.??.??"]
[Round "?"]
[White "Brause"]
[Black "DDoha"]
[Result "1-0"]
[WhiteElo "2600"]
[BlackElo "2040"]
[PlyCount "65"]

1. e4 e5 2. Nf3 Nc6 3. Nc3 Nf6 4. Nxe5 Nxe5 5. d4 Ng6 6. e5 Ng8 7. Bc4 d5 8.
Bxd5 c6 9. Bf3 Bb4 10. O-O Be6 11. Ne2 N8e7 12. c3 Ba5 13. Bg5 O-O 14. Be4 Qd7
15. Qd3 Bd5 16. Ng3 Bxe4 17. Qxe4 h6 18. Be3 Nd5 19. Rae1 Nxe3 20. Rxe3 Rae8
21. Nf5 Ne7 22. e6 Qxe6 23. Nxe7+ Rxe7 24. Qh4 Qxe3 25. fxe3 Rxe3 26. Re1 Rfe8
27. Rxe3 Rxe3 28. Qf4 Re8 29. Qf5 Bb6 30. Qd7 Re1+ 31. Kf2 Rb1 32. Qe8+ Kh7 33.
Qe4+ 1-0

[Event "?"]
[Site "ICS rated blitz match, 192.23"]
[Date "1997.??.??"]
[Round "?"]
[White "Brause"]
[Black "oldtimer"]
[Result "1-0"]
[WhiteElo "2615"]
[BlackElo "2530"]
[PlyCount "73"]

1. e4 e5 2. Nf3 Nc6 3. Nc3 Nf6 4. Nxe5 Nxe5 5. d4 Ng6 6. e5 Ng8 7. Bc4 d5 8.
Bxd5 c6 9. Bf3 Bb4 10. O-O Bxc3 11. bxc3 Be6 12. g4 N8e7 13. Bg5 h6 14. Bd2 Nh4
15. Be4 Qd7 16. f3 g5 17. a3 O-O-O 18. Qe2 Nhg6 19. Qd3 Rdg8 20. Rfe1 Bd5 21.
c4 Bxe4 22. Rxe4 h5 23. Bxg5 hxg4 24. Rxg4 Rh3 25. Rf1 Qxg4+ 26. fxg4 Rxd3 27.
cxd3 Rg7 28. Bf6 Rh7 29. h4 Kd7 30. h5 Nf8 31. d5 cxd5 32. Bxe7 Kxe7 33. cxd5
Nd7 34. d4 Rg7 35. Rf4 Nb6 36. d6+ Ke8 37. Re4 1-0